ბათუმის შოთა რუსთაველის სახელმწიფო უნივერსიტეტის ბიბლიოთეკა

მამის სახსოვარი (ბიბ.ჩანაწერი № 49698)

000 -LEADER
fixed length control field 00701nam a2200217Ia 4500
001 - CONTROL NUMBER
control field 16632
003 - CONTROL NUMBER IDENTIFIER
control field GE_BSU
008 - FIXED-LENGTH DATA ELEMENTS--GENERAL INFORMATION
fixed length control field 181216s||||||||xx |||||||||||||| ||und||
040 ## - CATALOGING SOURCE
Transcribing agency GE_BSU
080 ## - UNIVERSAL DECIMAL CLASSIFICATION NUMBER
Universal Decimal Classification number 82-93:821.353.1-32
100 ## - MAIN ENTRY--PERSONAL NAME
Personal name მერაბიშვილი, ე. (ელგუჯა)
245 ## - TITLE STATEMENT
Title მამის სახსოვარი
245 ## - TITLE STATEMENT
Statement of responsibility, etc. რედ.ნ.ლორთქიფანიძე. მხ.მ.აბაშიძე
260 ## - PUBLICATION, DISTRIBUTION, ETC.
Place of publication, distribution, etc. თბილისი
260 ## - PUBLICATION, DISTRIBUTION, ETC.
Name of publisher, distributor, etc. ნაკადული
260 ## - PUBLICATION, DISTRIBUTION, ETC.
Date of publication, distribution, etc. 1988
300 ## - PHYSICAL DESCRIPTION
Extent 237 გვ. ; 20 სმ
653 ## - INDEX TERM--UNCONTROLLED
Uncontrolled term მამის სახსოვარი
653 ## - INDEX TERM--UNCONTROLLED
Uncontrolled term მოთხრობა
942 ## - ADDED ENTRY ELEMENTS (KOHA)
Koha item type წიგნი
ეგზემპლარები
Withdrawn status Lost status Damaged status Not for loan Date acquired Barcode Date last seen Price effective from Koha item type
        2018-12-17 41234 2018-12-17 2018-12-17 წიგნი